000 00766nam a2200205Ii 4500
003 JO-AjNU
008 230605s9999||||xx |||||||||||||| ||und||
017 _a1993/12/1350
040 _aJO-AjNU
_bara
_erda
_cJO-AjNU
041 _aara
050 1 4 _aGV1493.K89 1993
100 3 _aتاليف كتكت، محمود,
_eauthor
_937180
245 0 0 _aمساحة التفكير: أحاجي وألغاز هندسية، ومنطقية، عقلية وبالحاسب الآلي
264 3 1 _aعمان: دار الفرقان، 1993
300 _a120ص
_b صور توضيحية
336 _atext
_btxt
_2rdacontent
337 _aunmediated
_bn
_2rdamedia
338 _avolume
_bnc
_2rdacarrier
650 4 _aاحاجي والغاز - الحاسب الالي -تعليم
_937181
999 _aA15512
_c19080
_d19080